000 nam a22 7a 4500
999 _c7981
_d7981
008 171120b xxu||||| |||| 00| 0 eng d
100 _aVerma.S.etal.
_94436
245 _aMathematics-7
260 _aNew Delhi